01395nam a2200241 4500952011200000952010000112999001700212008004000229020001800269050002500287100004500312245012600357250001800483260003200501300003600533500009000569505031100659519008500970519004301055650002701098650002101125942000701146 00104070a03b03d2015-04-08l2oHF5686.C8 O75 2008p03 003608r2018-12-18s2018-12-18t1w2015-04-08yLB 00104070a03b03d2015-08-12l0oHF5686.C8 O75 2008p03 008298r2015-08-12t2w2015-08-12yLB c96316d96316 s2008 mx a s pa s spa  a9789681853525 aHF5686.C8 bO75 20081 aOrtega Pérez de León, Armandoeautor aContabilidad de Costos b : Incluye técnica para el control de costo por actividad (A.B.C)c / Ortega Pérez de León a6a. edición aMéxicob : Limusac, 2008 a929 páginasb : ilustraciones aIncluye: índice alfabético (pp.917-926) Incluye: índice de cuadros (pp.927-928) aIntroducción a la contabilidad de costos Costos historicos. El sistema de costos por ordenes de producción. Organización administrativo-contable y control de cada uno de los tres elementos del costo de producción y de la producción en proceso. Informes de Costos Sistema de costos por procesos  aPlan Flexible /bContaduría / cContabilidad de Costos (B14-1) /d(03 003608)  aMaterial Complementario /d(03 008928)10aCONTABILIDAD DE COSTOS20aCOTROL DE COSTOS cLB